| 000 | 00370nam a2200145 a 4500 | ||
|---|---|---|---|
| 005 | 20140412111224.0 | ||
| 008 | 110407s19uu xx 00 eng d | ||
| 050 |
_aER _bPr88 |
||
| 100 | _aPatience, John | ||
| 245 |
_aA Present for santa / _cJohn patience. |
||
| 260 |
_aChina : _bPeter Haddock. |
||
| 300 | _aunp. | ||
| 440 | _astories for christmas | ||
| 999 |
_c101999 _d101999 |
||